Регионална библиотека "Любен Каравелов" - Русе

Това е моето минало (Запис номер 454805)

MARC детайли
000 -Лидер
Контролно поле с фиксирана дължина 02234nam a2200337 a 4500
003 - Код на организацията, давaща контролен номер
Контролно поле BLK
005 - Дата и час на последна редакция
Контролно поле 20240729110301.0
008 - Елементи от данни с фиксирана дължина
fixed length control field 180411b bul|||||r ||||||| ||bul||
020 ## - Международен стандартен номер на книга ISBN
Международен стандартен номер на книга ISBN 9789542837022
040 ## - Източник на каталожния запис
Идентификатор на билиотеката - собственик на записа BLK
041 ## - Код за език
Код за езика на текст/звукозапис или на отделно заглавие Български
Код за езика КДБФ Български
072 #7 - Код за тематичната категория
Код организация bullib
Код за тематична категория Н84
Текст Българска художествена литература Н
080 ## - УДК
Текстов определител УДК Българска литература
УДК код - определител по УДК 821.163.2
УДК определител -94
УДК - код + определител 821.163.2-94
139 ## - Редно поле
Редна дума Това е моето минало
Авторски знак То - Т 62
245 10 - Сведения за заглавието
Заглавие Това е моето минало
Подзаглавни данни Т. 1 -
Редно поле (дума) състав. Михаил Груев, Димитър Щ. Димов ; предг. Димитър Щ. Димов
Том Т. 4
Заглавие на том Спомени, дневници, свидетелства : 1944-1989
257 ## - Страна на издаване
Страна на създаване/издаване България
260 ## - Област на издателските данни
Място на издаване, разпространение и проч. София
Име на издателя, разпространителя и проч. Инст. за изследване на близкото минало
Година на издаване 2021
9 (RLIN) 216365
Издателство - префикс ISBN 978-954-
260 ## - Област на издателските данни
Място на издаване, разпространение и проч. София
Име на издателя, разпространителя и проч. Сиела
Година на издаване 2021
9 (RLIN) 219755
Издателство - префикс ISBN 954-649-
300 ## - Физическа характеристика
Страници 504 с.
Размери/Мащаб 23 см
380 ## - Жанр
Жанр Худож. лит.
490 ## - СЕРИИ (Колекции)
Име на серия Поредица Минало несвършено
9 (RLIN) 203752
500 ## - Общи забележки
Забележка Възприетата форма на името на състав. Димитър Щ. Димов е Димитър Димов Димов<br/>Съдържа статии от: Христо Чобанов "Бай Ганчо", Макри Гюлева, Георги Гадючков, Велико Илиев, Петър Станковски, Тодор Гелев, Ангел Шишков, Петър Колев, Анастасия Яначкова, Минка Пионова, Филип Кутин, Огнян Димитров, Мария Поцева, Нонка Чардакова, Йордан Цанков, Мария Дочева
700 ## - Други автори (авторска отговорност)
Лично име Димов, Димитър Димов
Автороска отговорност (Описва отношението между автора и произведението) състав.
9 (RLIN) 473885
700 ## - Други автори (авторска отговорност)
Лично име Груев, Михаил Иванов
Автороска отговорност (Описва отношението между автора и произведението) състав.
9 (RLIN) 379627
760 1# - Описание на основната серия
Място на издаване, издател и година Инст. за изследване на близкото минало, 2021
Страници - том 504 с. : с ил.
Заглавие Спомени, дневници, свидетелства : 1944-1989
Част - том Т. 4
852 ## - Местоположение
Форматна сигнатура Цб 312237
Фондова буква Хранилище
856 4# - Електронен адрес и достъп
Електронен формат pdf - файл
856 4# - Електронен адрес и достъп
Електронен формат pdf - файл
942 ## - АРТИКУЛИ
Вид на библиотечния материал Книги
Скрит в OPAC Не
Периодичен библиозапис Да
Koha issues (borrowed), all copies 1
944 ## - СЪЗДАВАНЕ И РЕДАКЦИЯ на ЗАПИСА
Създаване/Редакция Създаване
Дата на регистрацията/редакция 2022-05-09
Статус, дата на статуса Геновева Генчева
Служител, извършил регистрацията/редакцията 30560
999 ## - СИСТЕМНИ КОНТРОЛНИ НОМЕРА
Koha biblionumber 454805
Koha biblioitemnumber 454805
Наличности
Код за отписване Код за изгубен артикул Източник на класификационната схема Код за повреда Коз за рестрикции Код за отдаване Артикулен № Име на библиотеката - собственик Име на библиотеката, в която се намира в момента Статус (Текущо местоположение) Дата на вписване в системата Местоположение - отдел Цена в лева Систематично азбучна сигнатура Баркод Цена в евро Служебен тип на артикула Инвентарен номер
  Не е изгубен Universal Decimal Classification Не е повреден само за читалня ползва се в читалня 883303 Регионална библиотека "Любен Каравелов" Русе Регионална библиотека "Любен Каравелов" Русе Хранилище 2022-05-10 Хранилище 22.90 Цб 312237 120000871579 11.71 Книги  
  Не е изгубен Universal Decimal Classification Не е повреден   заемане за дома 946077 Регионална библиотека "Любен Каравелов" Русе Регионална библиотека "Любен Каравелов" Русе Заемна - подръчен фонд 2024-07-17 Заемна - подръчен фонд 22.90 821.163.2-94/Т 62 120000911219 11.71 Книги 120000911219
Vip Innovations Ltd, Rousse, Bulgaria 2025